| 000 | 00335nam a2200109Ia 4500 | ||
|---|---|---|---|
| 008 | 200302s9999 xx 000 0 und d | ||
| 100 | _aPaul G.Lewis & Max Neiman | ||
| 245 | _aCustopdians Of Place : Governing The Growth And Development Of Cities | ||
| 260 | _bGeorge Town University Press, Washington DC | ||
| 260 | _c2009 | ||
| 300 | _a247 | ||
| 999 |
_c4624 _d4624 |
||